[Event "Oberfranken-ch"]
[Site "Kronach"]
[Date "2023.11.02"]
[Round "1"]
[White "Stierhof, Michael"]
[Black "Schuelner, David"]
[Result "0-1"]
[WhiteElo "2010"]
[BlackElo "1280"]
[PlyCount "84"]
[EventDate "2023.11.02"]
[EventType "swiss"]
[EventRounds "7"]
[EventCountry "GER"]
[SourceTitle "CB46_2023"]
[SourceDate "2023.11.15"]
[SourceVersion "1"]
[SourceVersionDate "2023.11.15"]
[SourceQuality "1"]

1. e4 c6 2. d4 d5 3. e5 Bf5 4. h4 h6 5. Ne2 e6 6. Ng3 Bh7 7. Bd3 Bxd3 8. Qxd3 c5 9. c3 Nc6 10. Be3 Qb6 11. 0-0 Qxb2 12. Nd2 c4 13. Rfb1 Qxa1 14. Qc2 Qxb1+ 15. Qxb1 Rb8 16. Nxc4 dxc4 17. d5 exd5 18. e6 Bd6 19. Nf5 Be5 20. Bc5 Nge7 21. Bd6 fxe6 22. Bxb8 Nxf5 23. Bxe5 Nxe5 24. Qe1 Nc6 25. Qxe6+ Nfe7 26. a4 Rf8 27. Qg4 g6 28. h5 g5 29. Qe6 Rh8 30. g3 Nd8 31. Qd6 Kf7 32. f4 gxf4 33. gxf4 Rg8+ 34. Kf2 Ne6 35. f5 Ng5 36. Qd7 Ne4+ 37. Kf3 Rg3+ 38. Kf4 Rxc3 39. Qe6+ Ke8 40. f6 Rf3+ 41. Ke5 Rxf6 42. Qg4 c3 0-1